|
|
|
|
| LEADER |
01300nam a2200289 a 4500 |
| 001 |
0017817 |
| 003 |
BD-DhAAL |
| 008 |
090701s2008 gw ae 001 0 eng d |
| 010 |
|
|
|a 2008422466
|
| 020 |
|
|
|a 9783938780503 (hbk.)
|
| 020 |
|
|
|a 3938780509 (hbk.)
|
| 040 |
|
|
|a UKM
|c UKM
|d BTCTA
|d BAKER
|d YDXCP
|d OHX
|d TXA
|d DLC
|d BD-DhAAL
|
| 082 |
0 |
0 |
|a 720
|2 22
|
| 245 |
0 |
0 |
|a Touch wood :
|b the rediscovery of a building material ; [text editing, Dirk Meyhöfer ; translation, Stephen Roche].
|
| 250 |
|
|
|a First edition.
|
| 260 |
|
|
|a Berlin :
|b Braun,
|c c2008.
|
| 300 |
|
|
|a 256 p. :
|b ill. (chiefly col.), plans ;
|c 25 cm
|
| 500 |
|
|
|a Includes index.
|
| 526 |
|
|
|a ARC
|x Md. Shajjad Hossain,
Faculty members of the Department of Architecture
|
| 541 |
1 |
|
|e 0017817
|a Zeenat Book Supply Limited
|
| 650 |
|
0 |
|a Building, Wooden.
|9 31993
|
| 650 |
|
0 |
|a Architecture, Modern
|y 21st century.
|9 31994
|
| 700 |
1 |
|
|a Meyhöfer, Dirk.
|9 31995
|
| 852 |
4 |
|
|a Ayesha Abed Library
|c General Stacks
|
| 942 |
0 |
0 |
|0 1
|2 ddc
|c BK
|
| 999 |
|
|
|c 1946
|d 1946
|
| 952 |
|
|
|0 0
|1 0
|2 ddc
|4 0
|6 720_TOU_200800000000000
|7 0
|9 1785
|a BRACUL
|b BRACUL
|c GEN
|d 2009-07-01
|e Zeenat Book Supply Limited
|g 3712.00
|l 10
|m 19
|o 720 TOU
|p 3010017817
|r 2019-12-24
|s 2019-12-24
|t 1
|w 2009-07-01
|y BK
|x Requisitioned by Md. Shajjad Hossain (Faculty members of the Department of Architecture).
|